Passaggio da oriente (Record n. 99007)
[ formato base ]
| 000 -LEADER | |
|---|---|
| fixed length control field | 02093njm a2200409Ia 4500 |
| 001 - CONTROL NUMBER | |
| control field | 27366 |
| 003 - CONTROL NUMBER IDENTIFIER | |
| control field | IT-RoPAU |
| 005 - DATE AND TIME OF LATEST TRANSACTION | |
| control field | 20220918181111.0 |
| 008 - FIXED-LENGTH DATA ELEMENTS--GENERAL INFORMATION | |
| fixed length control field | 131025s9999 xx 000 0 und d |
| 040 ## - CATALOGING SOURCE | |
| Original cataloging agency | IT-RoPAU |
| 040 ## - CATALOGING SOURCE | |
| Transcribing agency | IT-RoPAU |
| 041 ## - LANGUAGE CODE | |
| Language code of text/sound track or separate title | ITALIANO |
| 999 ## - SYSTEM CONTROL NUMBERS (KOHA) | |
| Koha Dewey Subclass [OBSOLETE] | n.d. |
| 100 ## - MAIN ENTRY--PERSONAL NAME | |
| Personal name | AA.VV. |
| 9 (RLIN) | 794 |
| 100 ## - MAIN ENTRY--PERSONAL NAME | |
| Relator term | Autore musica |
| 9 (RLIN) | 17775 |
| 100 ## - MAIN ENTRY--PERSONAL NAME | |
| Miscellaneous information | Codice autore musica SPICS: 12000 |
| 9 (RLIN) | 796 |
| 245 ## - TITLE STATEMENT | |
| Title | Passaggio da oriente |
| 250 ## - EDITION STATEMENT | |
| Edition statement | 1a ed. |
| 260 ## - PUBLICATION, DISTRIBUTION, ETC. (IMPRINT) | |
| Place of publication, distribution, etc. | MILANO |
| 260 ## - PUBLICATION, DISTRIBUTION, ETC. (IMPRINT) | |
| Name of publisher, distributor, etc. | EMI ITALIANA |
| Date of publication, distribution, etc. | 1985 [1a Ed.:1985 - Ed. Lingua Orig.: 1985] |
| 300 ## - PHYSICAL DESCRIPTION | |
| Extent | DISCO |
| 300 ## - PHYSICAL DESCRIPTION | |
| Dimensions | 37 minuti (Testo: pag.) |
| 500 ## - GENERAL NOTE | |
| General note | Canzone italiana |
| 505 ## - FORMATTED CONTENTS NOTE | |
| Formatted contents note | You Know What I mean (5:00) - Guru Guru He (5:00) - Andalouse (5:00) - No jazz (4:00) - Radio Africa-A A Ammesso e non concesso (5:00) - E fatto 'e sorde! E?-Money Money (6:00) - Luna nova (5:00) - Eastern passage (5:00) |
| 650 ## - SUBJECT ADDED ENTRY--TOPICAL TERM | |
| Topical term or geographic name as entry element | CANZONE ITALIAN [DISCHI] |
| Relator term | Codice MATERIA SPICS: 9950 |
| 9 (RLIN) | 17776 |
| 700 ## - ADDED ENTRY--PERSONAL NAME | |
| Personal name | De Piscopo Tullio |
| Relator term | Autore musica |
| Miscellaneous information | Codice autore musica SPICS: 11419 |
| 9 (RLIN) | 17777 |
| 700 ## - ADDED ENTRY--PERSONAL NAME | |
| Personal name | De Piscopo Tullio |
| Miscellaneous information | Codice interprete SPICS: 11419 |
| Relator term | Interprete |
| 9 (RLIN) | 17778 |
| 700 ## - ADDED ENTRY--PERSONAL NAME | |
| Personal name | Rustici Corrado |
| Miscellaneous information | Codice autore SPICS: 23937 |
| Relator term | Autore |
| Name of part/section of a work | You Know What I mean - Eastern passage |
| 9 (RLIN) | 17780 |
| 700 ## - ADDED ENTRY--PERSONAL NAME | |
| Personal name | Trampetti |
| Miscellaneous information | Codice autore testo/musica SPICS: 28238 |
| Relator term | Autore testo/musica |
| Name of part/section of a work | You Know What I mean - Guru Guru He |
| 9 (RLIN) | 17781 |
| 700 ## - ADDED ENTRY--PERSONAL NAME | |
| Personal name | Boriolo |
| Miscellaneous information | Codice autore SPICS: 28239 |
| Relator term | Autore |
| Name of part/section of a work | Guru Guru He |
| 9 (RLIN) | 17782 |
| 700 ## - ADDED ENTRY--PERSONAL NAME | |
| Personal name | Nicolosi G. |
| Miscellaneous information | Codice autore musica SPICS: 26746 |
| Relator term | Autore musica |
| Name of part/section of a work | Andalouse - Radio Africa-A A Ammesso e non concesso |
| 9 (RLIN) | 17783 |
| 700 ## - ADDED ENTRY--PERSONAL NAME | |
| Personal name | Ricciardelli Margherita |
| Miscellaneous information | Codice autore testo/musica SPICS: 28240 |
| Relator term | Autore testo/musica |
| Name of part/section of a work | Andalouse - Luna nova |
| 9 (RLIN) | 17784 |
| 700 ## - ADDED ENTRY--PERSONAL NAME | |
| Personal name | Di Franco |
| Miscellaneous information | Codice autore testo/musica SPICS: 20743 |
| Relator term | Autore testo/musica |
| Name of part/section of a work | Radio Africa-A A Ammesso e non concesso |
| 9 (RLIN) | 17785 |
| 700 ## - ADDED ENTRY--PERSONAL NAME | |
| Personal name | Volpe Massimo |
| Miscellaneous information | Codice autore SPICS: 28241 |
| Relator term | Autore |
| Name of part/section of a work | Luna nova |
| 9 (RLIN) | 17786 |
| 700 ## - ADDED ENTRY--PERSONAL NAME | |
| Personal name | Sancious David |
| Miscellaneous information | Codice autore testo/musica SPICS: 25653 |
| Relator term | Autore testo/musica |
| Name of part/section of a work | Eastern passage |
| 9 (RLIN) | 17787 |
| 942 ## - ADDED ENTRY ELEMENTS (KOHA) | |
| Koha item type | DISCHI |
| Source of classification or shelving scheme | Dewey Decimal Classification |
| Withdrawn status | Lost status | Damaged status | Not for loan | Home library | Current library | Date acquired | Total Checkouts | Full call number | Date last seen | Price effective from | Koha item type | Public note |
|---|---|---|---|---|---|---|---|---|---|---|---|---|
| Buone Condizioni | Not For Loan | SPICS-MEDIATECA | SPICS-MEDIATECA | 25/10/2013 | 27366 | 25/10/2013 | 25/10/2013 | DISCHI | Progr. Ins.: 6923 / N.Vol.: 1 / Copie: 1 - Copia rara: n.d. / date import: 01.01.2014 - By Epidotti, Trombetti, Vaglietti |